=LDR 00000nam 2200000 4500 =001 000844 =005 20250712010633 =035 ##$$a 0010-0725000718 =007 ta =008 250712################a##########0#ind## =020 ##$$a 978-623-307-958-7 =082 ##$$a 398.209 598 =084 ##$$a 398.209 598 BA g =100 #$$a bannerje jayanto =245 1#$$a gadbad das : $b tidak ada air lagi untukmu /$c jayanto bannerje =250 ##$$a pertama =260 ##$$a jakarta :$b badan pengembangan dan pembinaan bahasa,$c 2022 =300 ##$$a 24hlm. : $b ilus. ; $c 22,9cm =650 #4$$a cerita anak indonesia terjemahan =650 #4$$a literasi bahan bacaan =990 ##$$a TBM202400798